The new international Webster's comprehensive dictionary of the English language. (Record no. 352646)
[ view plain ]
| 000 -LEADER | |
|---|---|
| fixed length control field | 00868 a2200253 4500 |
| 003 - CONTROL NUMBER IDENTIFIER | |
| control field | OSt |
| 005 - DATE AND TIME OF LATEST TRANSACTION | |
| control field | 20180116192340.0 |
| 008 - FIXED-LENGTH DATA ELEMENTS--GENERAL INFORMATION | |
| fixed length control field | 120208t xxu||||| |||| 00| 0 eng d |
| 010 ## - LIBRARY OF CONGRESS CONTROL NUMBER | |
| LC control number | 2004559198 |
| 020 ## - INTERNATIONAL STANDARD BOOK NUMBER | |
| International Standard Book Number | 1582795576 (deluxe) |
| 020 ## - INTERNATIONAL STANDARD BOOK NUMBER | |
| International Standard Book Number | 1582795584 (standard) |
| 020 ## - INTERNATIONAL STANDARD BOOK NUMBER | |
| International Standard Book Number | 1582795568 (guilded) |
| 035 ## - SYSTEM CONTROL NUMBER | |
| System control number | (OCoLC)ocm53438761 |
| 040 ## - CATALOGING SOURCE | |
| Transcribing agency | 0 |
| 082 00 - DEWEY DECIMAL CLASSIFICATION NUMBER | |
| Classification number | 423 |
| 245 04 - TITLE STATEMENT | |
| Title | The new international Webster's comprehensive dictionary of the English language. |
| 246 30 - VARYING FORM OF TITLE | |
| Title proper/short title | Webster's comprehensive dictionary of the English language |
| 250 ## - EDITION STATEMENT | |
| Edition statement | Deluxe encyclopedic ed., 2003 ed. |
| 260 ## - PUBLICATION, DISTRIBUTION, ETC. | |
| Place of publication, distribution, etc. | Naples, Fla. : |
| Name of publisher, distributor, etc. | Trident Press International, |
| Date of publication, distribution, etc. | 2003. |
| 300 ## - PHYSICAL DESCRIPTION | |
| Extent | xx, 1895, SD-50 p. : |
| Other physical details | ill. ; |
| Dimensions | 29 cm. |
| 650 #0 - SUBJECT ADDED ENTRY--TOPICAL TERM | |
| Topical term or geographic name entry element | English language |
| 942 ## - ADDED ENTRY ELEMENTS (KOHA) | |
| Institution code [OBSOLETE] | SADA |
| Koha item type | Reference |
| Call number prefix | 423 NEW 2003 |
| Source of classification or shelving scheme | |
| Withdrawn status | Lost status | Source of classification or shelving scheme | Damaged status | Not for loan | Permanent Location | Current Location | Date acquired | Total Checkouts | Full call number | Barcode | Date last seen | Copy number | Cost, replacement price | Price effective from | Koha item type |
|---|---|---|---|---|---|---|---|---|---|---|---|---|---|---|---|
| School of Art Design and Architecture (SADA) | School of Art Design and Architecture (SADA) | 08/05/2010 | REF 423 NEW 2003 | SADA0000029 | 08/05/2011 | 01 | 2134.00 | 08/05/2011 | Reference | ||||||
| School of Art Design and Architecture (SADA) | School of Art Design and Architecture (SADA) | 08/05/2010 | REF 423 NEW 2003 | SADA0000030 | 08/05/2011 | 02 | 2134.00 | 08/05/2011 | Reference |
